Sustanciación de la prueba necesaria y de la entrevista personal por modos telemáticos en los procesos relativos al ejercicio de la capacidad jurídica en el marco de la pandemia del COVID-19 (Registro nro. 33775)

Detalles MARC
000 -LEADER
fixed length control field 00480 a2200109 4500
001 - CONTROL NUMBER
control field ART_51553
005 - DATE AND TIME OF LATEST TRANSACTION
control field 20260410162028.0
008 - FIXED-LENGTH DATA ELEMENTS--GENERAL INFORMATION
fixed length control field 260409a
100 1# - MAIN ENTRY--PERSONAL NAME
Personal name Scasserra, Selene I.
245 10 - TITLE STATEMENT
Title Sustanciación de la prueba necesaria y de la entrevista personal por modos telemáticos en los procesos relativos al ejercicio de la capacidad jurídica en el marco de la pandemia del COVID-19
773 0# - HOST ITEM ENTRY
Title Temas de derecho procesal
Related parts - N° 11 (nov. 2020)
Record control number REV44095

No hay ítems disponibles.